| 000 | 00688nam a2200241Ia 4500 | ||
|---|---|---|---|
| 003 | OSt | ||
| 005 | 20230428105157.0 | ||
| 008 | 210423s2006 xx 000 0 und d | ||
| 020 | _a97880333778227 | ||
| 040 | _cAL | ||
| 041 | _aeng | ||
| 082 |
_a330.015195 _223 _bKOUA |
||
| 100 |
_aKOUTSOYIANNIS (A) _986951 |
||
| 245 | _aTheory of econometrics: an introductory exposition of econometric methods | ||
| 250 | _a2 | ||
| 260 |
_aU K _bPalgrave _c2006 |
||
| 300 |
_axvii,681 _bPB |
||
| 365 |
_b455 _cINR |
||
| 650 |
_aEconomics _986952 |
||
| 650 |
_aEconomics _986952 |
||
| 906 | _aan ; econometric ; econometrics: ; exposition ; introductory ; methods ; Theory | ||
| 942 |
_2ddc _cBK |
||
| 999 |
_c157219 _d157219 |
||